000 00519nam a2200205Ia 4500
003 OSt
005 20220927112452.0
006 a|||||r|||| 00| 0
007 ta
008 220926b |||||||| |||| 00| 0 eng d
024 _a152328
037 _cReports
040 _aRTL
_cRTL
_beng
041 _2eng
_aeng
082 _aX.4367r
245 0 _aColony of North Borneo
_b Annual report
260 _aNorth
_bBorneo Govt Printing Department
_c1960
942 _hX.4367r
_cCC
999 _c700246
_d700246